Guidelines for Planning Communication Support for Rural Development Campaign/ (Record no. 4268)

000 -LEADER
fixed length control field 00440nam a22001337a 4500
008 - FIXED-LENGTH DATA ELEMENTS--GENERAL INFORMATION
fixed length control field 160930b xxu||||| |||| 00| 0 eng d
082 ## - DEWEY DECIMAL CLASSIFICATION NUMBER
Classification number QTO 001.51
100 ## - MAIN ENTRY--PERSONAL NAME
Personal name Assifi, Najib.-
245 ## - TITLE STATEMENT
Title Guidelines for Planning Communication Support for Rural Development Campaign/
Statement of responsibility, etc. Najib Assifi-
260 ## - PUBLICATION, DISTRIBUTION, ETC. (IMPRINT)
Place of publication, distribution, etc. Washington:
Name of publisher, distributor, etc. UNDP,
Date of publication, distribution, etc. 1984
300 ## - PHYSICAL DESCRIPTION
Extent (Various Pages);
Other physical details ill.;
Dimensions 29cm.-
650 ## - SUBJECT ADDED ENTRY--TOPICAL TERM
Source of heading or term Computer Communication - Planning
942 ## - ADDED ENTRY ELEMENTS (KOHA)
Source of classification or shelving scheme
Koha item type BOOKS

No items available.

IRDP © 2019 :: Managed by IRDP ICT Unit